Pre-Columbian Art.
Spremljeno u:
| Glavni autor: | |
|---|---|
| Format: | Knjiga |
| Jezik: | engleski |
| Izdano: |
Cambridge, United Kingdom:
Cambridge University Press,
1998.
|
| Teme: | |
| Oznake: |
Dodaj oznaku
Bez oznaka, Budi prvi tko označuje ovaj zapis!
|
MARC
| LEADER | 00000nam a22000007a 4500 | ||
|---|---|---|---|
| 003 | CL-VaPUC | ||
| 005 | 20241216170624.0 | ||
| 008 | 241211t1998 ||||| |||| 00| 0 eng d | ||
| 999 | |c 446282 |d 446280 | ||
| 020 | |a 0-521-64551-4 | ||
| 040 | |c Pontificia Universidad Católica de Valparaíso | ||
| 082 | |2 22 |a 709.8 PAS 1998 | ||
| 100 | |9 894781 |a Pasztory, Esther |e author | ||
| 245 | |a Pre-Columbian Art. | ||
| 260 | |a Cambridge, United Kingdom: |b Cambridge University Press, |c 1998. | ||
| 300 | |a 176 páginas: |b ilustraciones. | ||
| 500 | |a c.1: Donación P.I.I.E. 2-12-2024. | ||
| 583 | |c 20241211 |k Yessy Sthefany Diaz Vidal | ||
| 650 | 0 | |9 330955 |a Arte precolombino |x Arquitectura, escultura, etc. | |
| 650 | 0 | |9 255272 |a Indios de América del Sur |x Arte | |
| 650 | 0 | |9 379770 |a Arte indígena |z México y Perú | |
| 650 | 0 | |9 894788 |a Indian art |z South America | |
| 942 | |2 ddc |c BK | ||
| 952 | |0 0 |1 0 |2 ddc |4 0 |6 709_800000000000000_PAS_1998 |7 0 |8 A |9 598628 |a BIBGIM |b BIBGIM |d 2024-12-11 |e Donación |i 5663591 |o 709.8 PAS 1998 |p 5663591 |r 2025-01-15 |t 1 |w 2024-12-11 |y BK |k ELE | ||